Atlas de anatomía humana (Registro nro. 5349)
[ vista simple ]
| 000 -Cabecera | |
|---|---|
| Campo de control de longitud fija | 00812atm a2200349 4500 |
| 005 - Fecha y hora de la última transacción | |
| Campo de control | 20241024193259.0 |
| 008 - Elementos de longitud fija--Información general | |
| Campo de control de longitud fija | 150511b2007 sp ||||| |||| 00| 0 spa d |
| 020 ## - International Standard Book Number | |
| Número Internacional Estándar del Libro (ISBN) | 9788445817599 |
| 041 ## - Idioma | |
| Código de idioma | Español |
| 082 ## - Clasificación Decimal Dewey | |
| Número de clasificación | 611 N474a4 |
| 100 ## - Entrada principal--Autor personal | |
| Nombre personal | Netter, Frank H |
| 9 (RLIN) | 8246 |
| 245 ## - Título propiamente dicho | |
| Título | Atlas de anatomía humana |
| 250 ## - Edición | |
| Mención de edición | 4 edición |
| 260 ## - Pie de imprenta | |
| Lugar de publicación, distribución, etc. | España |
| 260 ## - Pie de imprenta | |
| Nombre del editor, distribuidor, etc. | Masson S.A |
| 260 ## - Pie de imprenta | |
| Fecha de publicación, distribución, etc. | 2007 |
| 300 ## - Descripción física | |
| Extensión | 547 páginas |
| 300 ## - Descripción física | |
| Otras características físicas | Ilustraciones a color |
| 650 ## - Materia general | |
| Temática (materia general) | ANATOMÍA HUMANA |
| 650 ## - Materia general | |
| Temática (materia general) | SISTEMA NERVIOSO |
| 650 ## - Materia general | |
| Temática (materia general) | CABEZA Y CUELLO |
| 650 ## - Materia general | |
| Temática (materia general) | DORSO |
| 650 ## - Materia general | |
| Temática (materia general) | MÉDULA ESPINAL |
| 650 ## - Materia general | |
| Temática (materia general) | TÓRAX |
| 650 ## - Materia general | |
| Temática (materia general) | ABDOMEN |
| 650 ## - Materia general | |
| Temática (materia general) | PELVIS |
| 650 ## - Materia general | |
| Temática (materia general) | PERINE |
| 650 ## - Materia general | |
| Temática (materia general) | MIEMBRO SUPERIOR |
| 650 ## - Materia general | |
| Temática (materia general) | MIEMBRO INFERIOR |
| 942 ## - Punto de acceso adicional KOHA | |
| Tipo de ítem KOHA | Libro |
| Fuente del sistema de clasificación o colocación | Dewey Decimal Classification |
| Signatura completa | Código de barras | Programa Académico | Tipo de ítem |
|---|---|---|---|
| 611 N474a4 | 14327 | Mecánica Dental | Libro |
| 611 N474a4 | 14328 | Mecánica Dental | Libro |